header

The quantal theory of immunity (Record no. 118287)

MARC details
000 -LEADER
fixed length control field 01278nam a2200325 a 4500
100 1# - MAIN ENTRY--AUTHOR NAME
Personal name Smith, Kendall A.
245 14 - TITLE STATEMENT
Title The quantal theory of immunity
260 ## - PUBLICATION, DISTRIBUTION, ETC. (IMPRINT)
Place of publication Singapore ;
-- Hackensack, N.J. :
Name of publisher World Scientific,
Year of publication 2010.
300 ## - PHYSICAL DESCRIPTION
Number of Pages xi, 235 p. :
Other physical details col. ill.
650 #0 - SUBJECT ADDED ENTRY--TOPICAL TERM
Topical Term Immune response.
Topical Term Interleukin-2.
Topical Term T cells.
856 40 - ELECTRONIC LOCATION AND ACCESS
Uniform Resource Identifier http://site.ebrary.com/lib/rucke/Doc?id=10480228

No items available.

© 2026 Rongo University
Contact us: librarian | system librarian | Rongo university